000 01788cam a22004454a 4500
003 The World Bank
005 20140910090234.0
006 m d
007 cr cn|||||||||
008 940222m19939999dcuab b 000 0 eng d
010 _a94121479
020 _a0821326880 (v. 1)
020 _a0821326899 (v. 2)
020 _a0821326945 (set)
035 _a(The World Bank)28996810
035 _a(The World Bank)94121479
040 _aDJBF
_cDJBF
_dDLC
042 _alccopycat
043 _aawba---
_aawgz---
050 0 0 _aHC415.25.Z7
_bW4724 1993
082 0 0 _a338.95694
_220
245 0 0 _aDeveloping the occupied territories
_hrecurso electrónico
_ban investment in peace.
260 _aWashington, D.C. bWorld Bankcc<1993 >-
_bxx
_cxx
300 _av. <2-6 > bill., folded maps c28 cm.
500 _a"September 1993."
500 _aResults of a World Bank mission to the occupied territories during the period January 21-February 24, 1993.
505 0 _av. 2. The economy -- v. 3. Private sector development -- v. 4. Agriculture -- v. 5. Infrastructure -- v. 6. Human resources and social policy.
651 0 _aGaza Strip
_xEconomic conditions.
_931227
651 0 _aGaza Strip
_xEconomic policy.
_931228
651 0 _aGaza Strip
_xSocial policy.
_931229
651 0 _aWest Bank
_xEconomic conditions.
_931230
651 0 _aWest Bank
_xEconomic policy.
_931231
651 0 _aWest Bank
_xSocial policy.
_931232
710 2 _aWorld Bank.
_94764
773 0 _dxx xx xx
_oworldbank
_tWorld Bank
776 0 8 _aPrint Versionz9780821326886
830 0 _aWorld Bank e-Library.
_931233
856 4 0 _uhttp://ez.urosario.edu.co/login?url=http://elibrary.worldbank.org/content/book/9780821326886
942 _cMATELECTR
_kBD
_2DEWEY
_h338.95694
999 _c161895
_d161895